LIBRARY & INFORMATION CENTRE, KCAET, TAVANUR

ONLINE PUBLIC ACCESS CATALOGUE (OPAC)

Fundamentals of mechanics / (Record no. 7505)

MARC details
000 -LEADER
fixed length control field 00408cam a2200169ua 4500
041 ## - LANGUAGE CODE
Language code of text/sound track or separate title eng
082 ## - DEWEY DECIMAL CLASSIFICATION NUMBER
Classification number 531
Item number RAI/FU
100 ## - MAIN ENTRY--AUTHOR NAME
Personal name Rais, Ahmed .
245 ## - TITLE STATEMENT
Title Fundamentals of mechanics /
260 ## - PUBLICATION, DISTRIBUTION, ETC. (IMPRINT)
Place of publication Mumbai :
Name of publisher Asia Publishing House ,
Year of publication 1967.
300 ## - PHYSICAL DESCRIPTION
Number of Pages 235 ; .
942 ## - ADDED ENTRY ELEMENTS (KOHA)
Koha item type Books
Holdings
Withdrawn status Lost status Damaged status Home library Current library Date acquired Full call number Accession Number Koha item type
Withdrawn     KAUAET KAUAET 07/04/2012 531 9879 Books
free website counter